| 000 | 00428nam a2200145 a 4500 | ||
|---|---|---|---|
| 001 | 000036410 | ||
| 005 | 20200930075721.0 | ||
| 008 | 120117s1988 ve a 000 0 spa d | ||
| 040 |
_aDO-SdBNP _bspa _cBNPHU |
||
| 082 |
_axxx _bM777c |
||
| 100 | 1 |
_aMontenegro, Oscar _962624 |
|
| 245 | 1 | 0 |
_aComo enfrentar la epilepsia / _cOscar Montenegro. |
| 260 |
_aCaracas : _bFondo editorial Tropykos, _c1988. |
||
| 300 |
_a73 p. : _bil. ; _c21 cm. |
||
| 999 |
_c35901 _d35901 |
||